Quiz o Polsce - Statystyki

Ogólne statystyki
  • Ten quiz został rozwiązany 207 razy
  • Średni wynik to 15 z 27
Statystyki odpowiedzi
Pytanie Odpowiedź % Poprawnych
Stolica Warszawa
100%
Prezydent Andrzej Duda
98%
Pełna nazwa kraju Rzeczpospolita Polska
93%
Liczba województw 16
84%
Najdłużsa rzeka Wisła
84%
Premier Mateusz Morawiecki
83%
Liczba ludności (w mln) 38
80%
Kod Telefoniczny +48
77%
Nazwa Hymnu Mazurek Dąbrowskiego
76%
I król Polski Bolesław Chrobry
70%
Religia dominująca Katolicyzm
69%
Kod Samochodowy PL
68%
Najmniejsze województwo Opolskie
67%
I władca Polski Mieszko I
66%
Największe jezioro Śniardwy
61%
Twórca trylogi Henryk Sienkiewicz
51%
Najgłępsze jezioro Hańcza
50%
Przywódca Województwa Wojewoda
41%
Przywódzca Powiatu Starosta
33%
Marszałek Sejmu Elżbieta Witek
28%
I prezydent Polski Gabriel Narutowicz
27%
Jednostka monetarna PLN
26%
Największa grupa etniczna Ślązacy
20%
Marszałek Senatu Tomasz Grodzki
20%
Wicepremier2 Jacek Sasin
10%
Wicepremier3 Jarosław Gowin
10%
Wicepremier1 Piotr Gliński
8%
Nie znaleziono quizów pasujących do podanych kryteriów
Rozkład punktacji
Procent ludzi z każdym wynikiem
Percentyl według liczby udzielonych odpowiedzi
Twoja historia wyników
Nie rozwiązałeś tego quizu